000 00918nam a2200253 a 4500
001 000035034
005 20200930074048.0
008 111024s1969 ag 000 0 spa d
040 _aDO-SdBNP
_bspa
_cBNPHU
082 _axxxx
_bR484a
100 1 _aRibeiro, Darcy,
_d1922-
_960665
245 1 4 _aLas américa y la civilización. /
_cDarcy Ribeiro ; Renzo Pi Hugarte.
260 _aBuenos Aires :
_bCentro Editor de América Latina,
_c1969.
300 _av.. ;
_c20 cm.
490 1 _aCuadernos Latinoamericanos
500 _aLa biblioteca posee el volumen 1
500 _aTraducido del portugués
504 _aBibliografía : p. 254-279
505 0 _aLa civilización occidental y nosotros los pueblos testimonio
590 _aPerteneció a la biblioteca personal de Juan Isidro Jimenes Grullón
700 1 _aPi Hugarte, Renzo,
_d1934-
_960666
830 0 _aCuadernos Latinoamericanos
_960667
049 _aBNGR
999 _c34525
_d34525